Geography of Maine - Statistics

General Stats
  • This quiz has been taken 38 times
  • The average score is 14 of 20
Answer Stats
Question Answer % Correct
What is the state capital of Maine? Augusta
100%
Which Canadian provinces border Maine? Quebec
100%
Which type of land cover makes up 89.5% of Maine, more than any other state? Forest
97%
What is the only U.S. state that Maine borders? New Hampshire
97%
What national park is located primarily on Mount Desert Island? Acadia
94%
What type of seafood is Maine most famous for? Lobster
94%
Which Canadian provinces border Maine? New Brunswick
94%
What famous outdoor retailer is based in Freeport? L.L. Bean
79%
What university is located in the town of Orono? University of Maine
79%
What is a cyclonic winter storm in Maine called? Nor'easter
76%
Portland Head, West Quoddy Head and Cape Neddick are what structures? Lighthouses
73%
What city on the Penobscot River is known for being home to author Stephen King? Bangor
70%
In what coastal resort town did George H. W. Bush have a summer home? {Kennebunk}port
64%
What is the highest point in Maine and the northern terminus of the Appalachian Trail? Mount Katahdin
55%
What is Maine's official state nickname? The {Pine} {Tree} State
55%
What is Maine's second-largest city and the twin city of Auburn? Lewiston
48%
What is the main crop grown in Aroostook County? Potato
45%
What is the largest city in northern Maine? (hint: French) Presque Isle
39%
What bay does the city of Portland sit on? {Casco} Bay
30%
What is the largest lake in Maine? {Moosehead} Lake
30%
No matching quizzes found
Score Distribution
Percent of People with Each Score
Percentile by Number Answered
Your Score History
You have not taken this quiz